| 000 | 00000nam##2200000za#4500 |
| 001 | 9.580551 |
| 003 | CaOODSP |
| 005 | 20211126112846 |
| 007 | cr ||||||||||| |
| 008 | 150406|2002||||xxc|||||o f|0| 0 eng|d |
| 022 | |a1701-9397 |
| 040 | |aCaOODSP|beng |
| 043 | |an-cn--- |
| 086 | 1 |aFB3-2/102-41E-PDF |
| 110 | 2 |aBank of Canada. |
| 245 | 10|aEstimating settlement risk and the potential for contagion in Canada's automated clearing settlement system / |h[electronic resource]|cby Carol Ann Northcott. |
| 260 | |aOttawa - Ontario : |bBank of Canada |c2002. |
| 300 | |a51p.|bgraphs, references |
| 490 | 1 |aBank of Canada working paper|x1701-9397|v2002-41 |
| 500 | |aFile reproduced from original print. The ISSN (1192-5434) for the print edition appears in the PDF version. |
| 546 | |aRésumé en français. |
| 590 | |a14-15-Supp|b2014-09-04 |
| 720 | 1 |aNorthcott, Carol Ann |
| 776 | 0#|tEstimating settlement risk and the potential for contagion in Canada's automated clearing settlement system / |w(CaOODSP)9.616208 |
| 830 | #0|aWorking paper (Bank of Canada)|x1701-9397|v2002-41|w(CaOODSP)9.504604 |
| 856 | 40|ahttp://publications.gc.ca|qPDF|s332 KB|uhttps://publications.gc.ca/collections/collection_2014/banque-bank-canada/FB3-2-102-41-eng.pdf|y2002-41 |